01148nab a22002057a 4500999001500000003000400015005001700019008004100036040000700077100002600084245012600110260007300236300001200309500003500321505031300356505008100669650002300750773015600773942001300929 c6404d6404OSt20260202111703.0190429b xxu||||| |||| 00| 0 spa d cPJ 92190aErbetta, Daniel10aResponsabilidad penal de las personas jurídicas y programas de cumplimiento en el derecho argentino / cDaniel Erbetta. cCiudad Autónoma de Buenos Aires :aThomson Reuters La Ley, b2023. ap. 5-12 aCita Online: AR/DOC/1518/2023. aSumario: I. Introducción.— II. Genealogía y justificaciones.— III. Las elaboraciones conceptuales.— IV. Estado actual de la cuestión en el derecho y jurisprudencia.— V. El desorden normativo y sus niveles de operatividad.— VI. El anclaje constitucional y convencional.— VII. Conclusiones.  tSi te interesa el texto completo, solicitalo a koha@justierradelfuego.gov.ar 09343aDERECHO PENAL0 0265893164tRevista de derecho penal y criminología. Nº 7 - Agosto 2023dCiudad Autónoma de Buenos Aires : Thomson Reuters La Ley, 2017-x00347914 2udccANA